000 00923nam a22003257a 4500
001 0043225
003 KOHA_MİRAKIL
005 20260207003341.0
007 ta
008 130730b2000 tu |||gr||||#||||0|tur |
020 _a9758431161
040 _aTR-BiSEU
_btur
_cTR-BiSEU
_erda
041 0 _atur
044 _ctu
050 _aRA784
_b.K38 2000
100 1 _aKavas, Aysel..
245 1 _aSağlıklı yaşam için doğru beslenme/
_cAysel. Kavas ; Aysel Kavas..
250 _a2. basım
264 1 _aIstanbul :
_bLiteratür yayıncılık
_c2000
300 _a195 sayfa ;
_c 23 cm.
336 _ametin
_btxt
_2rdacontent
337 _aaracısız
_bn
_2rdamedia
338 _acilt
_bnc
_2rdacarrier
490 1 _aLiteratür Yayınları ;
_v37
500 _aKaynakça var.
650 0 _aNutrition.
_92956
650 0 _aHealth.
_92240
830 1 _aLiteratür Yayınları ;
_v37
_92203
942 _2lcc
_cBK
999 _c43046
_d43046